İnsan Hakları Koordinatör Üst Kurulu'nun çalışmaları IV (Record no. 6613)
[ view plain ]
| 000 -BAŞLIK | |
|---|---|
| Sabit Uzunlukta Kontrol Alanı | 01256na a2200277 4500 |
| 001 - KONTROL NUMARASI | |
| Denetim Alanı | 13410 |
| 003 - KONTROL NUMARASI IDENTIFIER | |
| Denetim Alanı | MIRAKIL |
| 005 - SON İŞLEM TARİHİ VE ZAMANI | |
| Denetim Alanı | 20181213155113.0 |
| 008 - SABİT-BOY VERİ ELEMANLARI - GENEL BİLGİLER | |
| Sabit Uzunlukta Kontrol Alanı | 161005b tu 000 0 |
| 035 ## - SİSTEM KONTROL NUMARASI | |
| Sistem Kontrol Numarası | 13410 |
| 040 ## - KATALOGLAMA KAYNAK | |
| Orijinal Kataloglama Ajansı | Milas |
| Kataloglama Dili | tur |
| Metne Dönüştürmek Ajansı | TR-AnCHP |
| 041 ## - DİL KODU | |
| Metin / Ses Parça Veya Ayrı Başlığın Dil Kodu | tur |
| 082 ## - DEWEY ONLU SINIFLANDIRMA NUMARASI | |
| Sınıflandırma Numarası | 323.06 |
| Ürün Numarası | I57 1999 |
| 090 ## - SINIFLAMA NUMARASI | |
| Sınıflama Numarası | 323.06 I57 1999 |
| 245 ## - BAŞLIK TABLOSU | |
| Başlık | İnsan Hakları Koordinatör Üst Kurulu'nun çalışmaları IV |
| Başlığın Kalan | Bir insan hakkı olarak çevre hakkı ve uygulaması |
| Sorumluluk Tablosu, Vb | İnsan Hakları Koordinatör Üst Kurulu |
| 246 ## - UNVAN FORM VARYING | |
| Başlık Doğru / Kısa Başlığı | Bir insan hakkı olarak çevre hakkı ve uygulaması |
| 250 ## - EDITION TABLOSU | |
| Baskı Beyanı | 2. bs. |
| 260 ## - YAYIN, DAĞITIM, VB | |
| Yayın, Dağıtım, Vb Yeri | Ankara |
| Yayıncı, Dağıtıcı, Vs Adı | İnsan Hakları Koordinatör Üst Kurulu Yayınları |
| Yayın, Dağıtım, Vb Tarihi | 1999 |
| 300 ## - FİZİKSEL TANIM | |
| Kapsam | vi, 56 s. |
| Boyutlar | 20 sm. |
| 490 ## - SERİSİ TABLOSU | |
| Seri Beyanı | İnsan Hakları Koordinatör Üst Kurulu Yayınları |
| Hacim / Ardışık Tanımı | 4 |
| 505 ## - BİÇİMLENDİRİLDİ İÇİNDEKİLER NOT | |
| Biçimlendirilmiş İçeriği Dikkat | c. 1. Genel bilgiler ve basın açıklamaları -- c. 2. Kanun tasarıları, yönetmelikler, genelgeler, incelemeler ve adli rapor formları -- c. 3. İnsan hakları açısından kadının durumu, sorunları ve çözüm önerileri -- c. 4. Bir insan hakkı olarak çevre hakkı ve uygulaması. |
| 610 ## - KONU KATMA GİRİŞ - TOPLANTI ADI | |
| Giriş Elemanı Olarak Kurumsal Ad Veya Yargı Alanı Adı | İnsan Hakları Koordinatör Üst Kurulu |
| Genel Alt Bölüm | Raporlar |
| 650 ## - KONU KATMA GİRİŞ - TOPİKAL DÖNEM | |
| Topikal Süreli Veya Coğrafi Ad Giriş Elemanı | Sivil haklar |
| Coğrafi Alt Bölümü | Türkiye |
| 650 ## - KONU KATMA GİRİŞ - TOPİKAL DÖNEM | |
| Topikal Süreli Veya Coğrafi Ad Giriş Elemanı | İnsan hakları |
| Coğrafi Alt Bölümü | Türkiye |
| 942 ## - EKLENDİ GİRİŞ ELEMANLARI (KOHA) | |
| Sınıflandırma Veya Raf Düzeni Kaynak | |
| Koha Öğesi Türü | Books |
| 999 ## - SİSTEM KONTROL NUMARALARI (KOHA) | |
| Koha Biblionumber | 6613 |
| Koha Biblioitemnumber | 6613 |
| Kalıcı Konum | Mevcut Konum | Edinme Tarihi | Edinim Kaynak | Toplam Check-Out'Lar | Tam Çağrı Numarası | Barkod | Tarih Son Görülme | İtibaren Geçerli Fiyatlar | Koha Öğesi Türü |
|---|---|---|---|---|---|---|---|---|---|
| CHP Kütüphanesi | CHP Kütüphanesi | 08/13/2016 | Bağış | 323.06 I57 1999 | 000774 | 08/13/2016 | 08/13/2016 | Books |
